00725nam a2200229 a 450000100100000000500170001000800410002704000250006808200180009310000290011124500620014026000400020230000210024250000730026350400320033665000270036865000180039565000230041365000140043665000190045065000260046900001860920260420094329.0100512s2009 dr 000 0 spa d aDO-SdBNPbspacBNPHU a346.02bH557t1 aHernández, Pedro Pablo10aTeorías de las obligaciones /cPedro Pablo Hernández. aSanto Domingo :bCentenario,c2009. a610 p. ;c23 cm. aIncluye referencias bibliográficas y notas al pie de las páginas aBibliografía : p. 521-524 0aObligaciones (Derecho) 4aDerecho civil 0aActos jurídicos  0aContratos 4aCuasicontratos 4aResponsabilidad civil